000 01599cam a2200241 4500
001 ##L134258
008 060720n2006 000 0 eng u
035 _a(Sirsi) u134258
041 0 _aeng
050 0 4 _a332.6324 $2 18
110 2 _aBank of England
_92779
245 0 0 _aFinancial stability report
260 _c2006
490 0 _aBank of England Financial Stability Report
505 2 _aOverview -- Shocks to the UK financial system -- Structure of the UK financial system -- Prospects for the UK financial system -- Mitigating risks to the UK financial system -- Other financial stability publications -- Index of charts and tables -- Glossary and other information
520 _aReports that commercial property is one of the key vulnerabilities of the UK financial system, and could fall in value by 35% over three years if a shock to the UK and global markets came about. Highlights lending as a factor in this vulnerability, mentioning the growth in volumes of lending and the low rates as adding to the accumulation of corporate sector debt. This report, previously known as the "Financial stability review", is published half-yearly and aims to identify the major downside risks to the UK financial system. Graphs and tables.
590 _aIKA010806
650 2 4 _aBANK OF ENGLAND FINANCIAL STABILITY REPORT
651 4 _aUnited Kingdom
_y
690 _aPROPERTY-COMMERCIAL PROPERTY-COMMERCIAL PROPERTY FINANCE AND INVESTMENT
856 4 0 _uhttps://www.bankofengland.co.uk/publications/fsr/index.htm
_zView the item free of charge at www.bankofengland.co.uk...
942 _n0
999 _c105616
_d105616